UK unlikely to achieve CO2 reduction targets (Record no. 69469)
[ view plain ]
| 000 -LEADER | |
|---|---|
| fixed length control field | 00900cam a2200217 4500 |
| 001 - CONTROL NUMBER | |
| control field | WB3805-11 |
| 008 - FIXED-LENGTH DATA ELEMENTS--GENERAL INFORMATION | |
| fixed length control field | 020207n2002 000 0 eng u |
| 035 ## - SYSTEM CONTROL NUMBER | |
| System control number | (Sirsi) u116651 |
| 245 ## - TITLE STATEMENT | |
| Title | UK unlikely to achieve CO2 reduction targets |
| 260 ## - PUBLICATION, DISTRIBUTION, ETC. | |
| Date of publication, distribution, etc. | 2002 |
| 490 ## - SERIES STATEMENT | |
| Series statement | Cambridge Econometrics Press Release |
| Volume/sequential designation | 4 February 2002, (3) |
| 520 ## - SUMMARY, ETC. | |
| Summary, etc. | Cambridge Econometrics has published the latest edition of "UK Energy and the Environment", containing detailed forecasts of energy demand and CO2 and SO2 emissions by fuel user and fuel type to the year 2015. This report is published twice per year, in January and July. Table. For more details: http://www.camecon.co.uk |
| 590 ## - LOCAL NOTE (RLIN) | |
| Local note | WB |
| 650 ## - SUBJECT ADDED ENTRY--TOPICAL TERM | |
| Topical term or geographic name entry element | STATISTICS |
| 650 ## - SUBJECT ADDED ENTRY--TOPICAL TERM | |
| Topical term or geographic name entry element | CARBON DIOXIDE EMISSIONS |
| 650 ## - SUBJECT ADDED ENTRY--TOPICAL TERM | |
| Topical term or geographic name entry element | ENERGY USE |
| 650 ## - SUBJECT ADDED ENTRY--TOPICAL TERM | |
| Topical term or geographic name entry element | FUEL CONSUMPTION |
| 650 ## - SUBJECT ADDED ENTRY--TOPICAL TERM | |
| Topical term or geographic name entry element | ENERGY DEMAND |
| 690 ## - LOCAL SUBJECT ADDED ENTRY--TOPICAL TERM (OCLC, RLIN) | |
| Topical term or geographic name as entry element | ENVIRONMENT-AUDIT/ASSESSMENT |
| 942 ## - ADDED ENTRY ELEMENTS (KOHA) | |
| Suppress in OPAC | 0 |
| Withdrawn status | Lost status | Source of classification or shelving scheme | Damaged status | Not for loan | Home library | Current library | Shelving location | Date acquired | Total Checkouts | Full call number | Barcode | Date last seen | Copy number | Price effective from | Koha item type |
|---|---|---|---|---|---|---|---|---|---|---|---|---|---|---|---|
| Dewey Decimal Classification | London | London | News article | 07/02/2002 | WB3805-11 | 116651-1001 | 06/08/2019 | 1 | 06/08/2019 | News article |